[Event "CAN-ch U20 U1800"]
[Site "Toronto CAN"]
[Date "2023.07.08"]
[Round "5.19"]
[White "Chen, Vincent"]
[Black "Tang, Gideon"]
[Result "1-0"]
[WhiteElo "1571"]
[BlackElo "1677"]
[PlyCount "97"]
[EventDate "2023.07.06"]
[EventType "swiss"]
[EventRounds "8"]
[EventCountry "CAN"]

1. f4 f5 2. Nf3 Nf6 3. g3 b6 4. d3 Bb7 5. Bg2 e6 6. O-O Be7 7. Qe1 O-O 8. Nbd2
d6 9. e4 Ng4 10. Nd4 Qd7 11. h3 Nh6 12. exf5 Bxg2 13. Kxg2 exf5 14. N2f3 Re8
15. Qe6+ Kf8 16. Qxd7 Nxd7 17. Ne6+ Kf7 18. Nxc7 Rac8 19. Nxe8 Rxc2+ 20. Rf2
Rxf2+ 21. Kxf2 Kxe8 22. Ng5 Bxg5 23. fxg5 Nf7 24. Bf4 Nc5 25. Rd1 Kd7 26. b4
Ne6 27. Ke3 Nfxg5 28. Bxg5 Nxg5 29. Kf4 Nxh3+ 30. Kxf5 g6+ 31. Kf6 Nf2 32. Rd2
Ng4+ 33. Kg7 Ne3 34. Kxh7 Nf5 35. Kxg6 Nxg3 36. Rg2 Nf1 37. Rf2 Ne3 38. Rf7+
Kc6 39. Rxa7 Nd5 40. a3 Nf4+ 41. Kf5 Nxd3 42. Ke4 Ne5 43. Rh7 b5 44. Rh3 Nc4
45. Kd4 Nb6 46. Rh8 Kb7 47. Ke4 Nc4 48. Rh3 Kc6 49. Rc3 1-0

[Event "CAN-ch U20 U1800"]
[Site "Toronto CAN"]
[Date "2023.07.08"]
[Round "5.20"]
[White "Chen, Shuang"]
[Black "Wu, Ting En Ryan"]
[Result "1/2-1/2"]
[WhiteElo "1640"]
[BlackElo "1535"]
[PlyCount "75"]
[EventDate "2023.07.06"]
[EventType "swiss"]
[EventRounds "8"]
[EventCountry "CAN"]

1. e4 c5 2. Nf3 Nc6 3. Bb5 g6 4. O-O Bg7 5. c3 e5 6. d3 Nge7 7. Nbd2 O-O 8. Re1
d6 9. Nf1 a6 10. Ba4 b5 11. Bc2 a5 12. a4 b4 13. Ne3 Ba6 14. Bb3 Rb8 15. Nd5
bxc3 16. bxc3 Nxd5 17. Bxd5 Qc7 18. Be3 Ne7 19. Ba2 Rfd8 20. Ng5 c4 21. Qf3 Rf8
22. Qh3 h6 23. Nf3 g5 24. Qh5 Rb2 25. Bxg5 f6 26. Bxh6 Bxh6 27. Qxh6 Rf7 28.
Qh3 Ng6 29. Qg4 Rg7 30. Qe6+ Kh8 31. dxc4 Nf4 32. Qxf6 Nh3+ 33. Kh1 Nxf2+ 34.
Kg1 Nh3+ 35. Kh1 Nf2+ 36. Kg1 Nh3+ 37. Kh1 Nf2+ 38. Kg1 1/2-1/2

[Event "CAN-ch U20 U1800"]
[Site "Toronto CAN"]
[Date "2023.07.08"]
[Round "5.21"]
[White "Murali, Dhruv"]
[Black "Guan, Isabelle"]
[Result "1-0"]
[WhiteElo "1614"]
[BlackElo "1479"]
[PlyCount "121"]
[EventDate "2023.07.06"]
[EventType "swiss"]
[EventRounds "8"]
[EventCountry "CAN"]

1. b3 e5 2. Bb2 Nc6 3. e3 d5 4. Bb5 Bd6 5. f4 Qe7 6. Nf3 Bg4 7. h3 Bxf3 8. Qxf3
Nf6 9. fxe5 Bxe5 10. d4 Bd6 11. c4 Bb4+ 12. Ke2 Rd8 13. a3 Ba5 14. b4 Bb6 15.
c5 a6 16. Bxc6+ bxc6 17. cxb6 cxb6 18. Nd2 O-O 19. Rac1 Qd6 20. Rhf1 Rde8 21.
Qf4 Qd7 22. Qg3 Qe6 23. Rc3 Nh5 24. Qf3 Qg6 25. g4 Nf6 26. Rxc6 Re6 27. Rfc1
Rfe8 28. Rc8 Qh6 29. Rxe8+ Rxe8 30. Rc6 Qg6 31. h4 Re6 32. Rc3 Re8 33. Qf5 Nxg4
34. Qxg6 fxg6 35. Nf3 Nf6 36. Rc7 a5 37. b5 Ne4 38. Rd7 Ng3+ 39. Kd3 Nf5 40.
Bc1 Ne7 41. a4 Kf8 42. Ba3 Kf7 43. Ng5+ Kf6 44. Nxh7+ Ke6 45. Rxe7+ Rxe7 46.
Nf8+ Kf7 47. Bxe7 Kxe7 48. Nxg6+ Kf6 49. Nf4 Kf5 50. Nxd5 Kg4 51. Nxb6 Kxh4 52.
d5 g5 53. d6 g4 54. d7 g3 55. d8=Q+ Kh3 56. Qh8+ Kg2 57. Ke2 Kg1 58. Qa1+ Kg2
59. Qf1+ Kh2 60. Kf3 g2 61. Qxg2# 1-0

[Event "CAN-ch U20 U1800"]
[Site "Toronto CAN"]
[Date "2023.07.08"]
[Round "6.12"]
[White "Patil, Tanishq"]
[Black "Deepak, Laksshana"]
[Result "1/2-1/2"]
[WhiteElo "1523"]
[BlackElo "1665"]
[PlyCount "100"]
[EventDate "2023.07.06"]
[EventType "swiss"]
[EventRounds "8"]
[EventCountry "CAN"]

1. d4 Nf6 2. Bf4 g6 3. Nc3 d5 4. Nb5 Na6 5. e3 c6 6. Nc3 Nc7 7. Nf3 Bg7 8. Bd3
O-O 9. O-O Bg4 10. h3 Bxf3 11. Qxf3 Nd7 12. Rfe1 e5 13. dxe5 Nxe5 14. Qg3 Qe7
15. Rad1 f6 16. a3 Ne6 17. Bxe5 fxe5 18. Be2 e4 19. Bg4 Rae8 20. Bxe6+ Qxe6 21.
Qg4 Qe7 22. Ra1 Qc5 23. Qe2 Bxc3 24. bxc3 Qxc3 25. a4 c5 26. Rab1 b6 27. Rb3
Qf6 28. Rf1 d4 29. exd4 cxd4 30. Rb4 Kg7 31. Rd1 d3 32. cxd3 exd3 33. Qxd3
Qxf2+ 34. Kh2 Re7 35. Qd6 Qc5 36. Qxc5 bxc5 37. Rc4 Rc7 38. g4 h6 39. Rd5 Rfc8
40. Kg3 Kf7 41. Re5 Kf6 42. Kf4 g5+ 43. Ke4 a5 44. Rf5+ Ke6 45. Re5+ Kd6 46.
Rd5+ Ke6 47. Re5+ Kf6 48. Rf5+ Kg6 49. Re5 Rc6 50. Kd5 Kf6 1/2-1/2

[Event "CAN-ch U20 U1800"]
[Site "Toronto CAN"]
[Date "2023.07.08"]
[Round "6.13"]
[White "Cheng, Adrien"]
[Black "Tseng, Bradley"]
[Result "0-1"]
[WhiteElo "1551"]
[BlackElo "1712"]
[PlyCount "44"]
[EventDate "2023.07.06"]
[EventType "swiss"]
[EventRounds "8"]
[EventCountry "CAN"]

1. e4 c5 2. Nf3 Nc6 3. Bb5 e5 4. d3 d6 5. O-O Nf6 6. Nc3 Bg4 7. Nd5 a6 8. Bxc6+
bxc6 9. Ne3 Be6 10. b3 Be7 11. Qe2 O-O 12. Bb2 Nh5 13. c3 Nf4 14. Qd2 f5 15.
Rad1 fxe4 16. dxe4 Qe8 17. Ne1 Qh5 18. Nd3 Rf6 19. Rfe1 Rh6 20. Nf1 Nxg2 21. f4
Nxe1 22. Rxe1 exf4 0-1

[Event "CAN-ch U20 U1800"]
[Site "Toronto CAN"]
[Date "2023.07.08"]
[Round "6.14"]
[White "Tenkov, Arkadii"]
[Black "De Costa, Benjamin"]
[Result "1/2-1/2"]
[WhiteElo "1697"]
[BlackElo "1492"]
[PlyCount "190"]
[EventDate "2023.07.06"]
[EventType "swiss"]
[EventRounds "8"]
[EventCountry "CAN"]

1. e4 c6 2. d4 d5 3. Nc3 dxe4 4. Nxe4 Bf5 5. Ng3 Bg6 6. h4 h6 7. h5 Bh7 8. c3
e6 9. Bd3 Bxd3 10. Qxd3 Nf6 11. Nf3 Bd6 12. Ne4 Nxe4 13. Qxe4 Nd7 14. Be3 Nf6
15. Qd3 Nd5 16. a3 Qb6 17. b4 a5 18. O-O axb4 19. axb4 O-O 20. Bd2 Bf4 21. Rfe1
Rfd8 22. Ne5 Rxa1 23. Rxa1 Bxe5 24. dxe5 Nxb4 25. Qe2 Nd3 26. Be3 Qb2 27. Qxb2
Nxb2 28. Ra7 Rd7 29. f4 Nd1 30. Bd4 c5 31. Bxc5 Nxc3 32. Kh2 Kh7 33. g3 Ne4 34.
Bb4 f6 35. f5 Ng5 36. fxe6 Nxe6 37. exf6 gxf6 38. Bc3 Kg7 39. Kh3 Nd8 40. Kg4
Kf7 41. Kf5 Rd5+ 42. Ke4 Rxh5 43. Ba5 Re5+ 44. Kf3 Re8 45. Bxd8 Rxd8 46. Rxb7+
Kg6 47. Rb5 Rd3+ 48. Kf4 h5 49. Rc5 Rd4+ 50. Ke3 Ra4 51. Kf3 f5 52. Rc6+ Kg5
53. Rc3 Ra1 54. Rb3 Re1 55. Rb8 Re6 56. Rg8+ Rg6 57. Rc8 Kf6 58. Rh8 Rg5 59.
Rh6+ Ke5 60. Rh8 Kf6 61. Rh6+ Kg7 62. Ra6 Rg6 63. Ra7+ Kh6 64. Ra5 Kg5 65. Ra8
Rh6 66. Rg8+ Kf6 67. Ra8 Rh7 68. Ra6+ Kg5 69. Ra8 h4 70. Rg8+ Kf6 71. gxh4 Rxh4
72. Rf8+ Kg6 73. Rg8+ Kf7 74. Ra8 Rb4 75. Ra7+ Kf6 76. Ra8 Rb1 77. Rf8+ Kg6 78.
Rg8+ Kf7 79. Ra8 Rf1+ 80. Kg2 Rb1 81. Kf3 Rb4 82. Ra6 Ke7 83. Rc6 Rd4 84. Rb6
Rd6 85. Rxd6 Kxd6 86. Kf4 Ke6 87. Kf3 Ke5 88. Ke3 f4+ 89. Kf3 Kf5 90. Kf2 Kg4
91. Kg2 f3+ 92. Kf2 Kf4 93. Kf1 Kg3 94. Kg1 Kg4 95. Kf2 Kf4 1/2-1/2

[Event "CAN-ch U20 U1800"]
[Site "Toronto CAN"]
[Date "2023.07.08"]
[Round "6.15"]
[White "Fu, Odyssey"]
[Black "Lin, Austin"]
[Result "0-1"]
[WhiteElo "1395"]
[BlackElo "1401"]
[PlyCount "64"]
[EventDate "2023.07.06"]
[EventType "swiss"]
[EventRounds "8"]
[EventCountry "CAN"]

1. e4 c6 2. d4 d5 3. Nc3 dxe4 4. Nxe4 Nf6 5. Nxf6+ exf6 6. Nf3 Bd6 7. Bd3 Nd7
8. O-O O-O 9. c3 Re8 10. Be3 Nf8 11. h3 Be6 12. Qc2 Bc7 13. c4 Rc8 14. Rad1 a6
15. Bf5 Qd7 16. Bxe6 Nxe6 17. Qb3 h6 18. d5 Ng5 19. Nxg5 fxg5 20. d6 Bd8 21. c5
Re6 22. Qc4 Ra8 23. a3 a5 24. b4 axb4 25. axb4 h5 26. Ra1 Rb8 27. Ra7 g4 28.
hxg4 Rg6 29. gxh5 Rg4 30. f4 Rxg2+ 31. Kxg2 Qg4+ 32. Kf2 Bh4# 0-1

[Event "CAN-ch U20 U1800"]
[Site "Toronto CAN"]
[Date "2023.07.08"]
[Round "6.16"]
[White "Ossine, Nicholas"]
[Black "Xie, Irene"]
[Result "1-0"]
[WhiteElo "1381"]
[BlackElo "1782"]
[PlyCount "144"]
[EventDate "2023.07.06"]
[EventType "swiss"]
[EventRounds "8"]
[EventCountry "CAN"]

1. d4 e6 2. c4 d5 3. Nc3 Nf6 4. cxd5 exd5 5. Bg5 Be7 6. e3 c6 7. Qc2 Be6 8. Bd3
Nbd7 9. Nf3 Bg4 10. Nd2 Qb6 11. O-O Bb4 12. a3 Bxc3 13. Qxc3 h6 14. Bh4 g5 15.
Bg3 O-O 16. Rab1 Rac8 17. b4 Rfe8 18. Qb2 Qd8 19. a4 Qe7 20. Rfc1 Nh5 21. Qa2
Nxg3 22. hxg3 Be6 23. Nb3 b6 24. Rc2 Rc7 25. Rbc1 Qd6 26. Bb5 Rec8 27. Ba6 Rd8
28. b5 Nb8 29. Nd2 c5 30. dxc5 bxc5 31. Nb3 c4 32. Nd4 Nxa6 33. bxa6 Qxa6 34.
e4 dxe4 35. Nxe6 Qxe6 36. Rxc4 Rxc4 37. Qxc4 Qxc4 38. Rxc4 Re8 39. Rc7 a6 40.
Kf1 Re6 41. Ke2 Kg7 42. g4 Kg6 43. Ke3 f5 44. gxf5+ Kxf5 45. Rc5+ Re5 46. g4+
Kf6 47. Rc6+ Re6 48. Rxe6+ Kxe6 49. Kxe4 a5 50. f3 Kd6 51. Kd4 Ke6 52. Kc5 Ke5
53. Kb5 Kf4 54. Kxa5 Kxf3 55. Kb4 Kxg4 56. a5 h5 57. a6 h4 58. a7 h3 59. a8=Q
Kg3 60. Qb8+ Kg2 61. Qb7+ Kg1 62. Qb6+ Kg2 63. Qc6+ Kg1 64. Qc5+ Kg2 65. Qxg5+
Kh1 66. Qd5+ Kg1 67. Qd4+ Kh1 68. Qe4+ Kg1 69. Qe3+ Kg2 70. Qd2+ Kg1 71. Qg5+
Kf2 72. Qh4+ Kg2 1-0

[Event "CAN-ch U20 U1800"]
[Site "Toronto CAN"]
[Date "2023.07.08"]
[Round "6.17"]
[White "Chunchu, Ashwin"]
[Black "Chen, Vincent"]
[Result "1/2-1/2"]
[WhiteElo "1381"]
[BlackElo "1571"]
[PlyCount "59"]
[EventDate "2023.07.06"]
[EventType "swiss"]
[EventRounds "8"]
[EventCountry "CAN"]

1. e4 c6 2. d4 d5 3. e5 c5 4. dxc5 Nc6 5. Bb5 Bf5 6. Bxc6+ bxc6 7. b4 e6 8. Be3
Ne7 9. Nd2 d4 10. Bg5 Qb8 11. Bxe7 Bxe7 12. a3 Qxe5+ 13. Ne2 d3 14. cxd3 Bxd3
15. f4 Qe3 16. Nf1 Qe4 17. Nfg3 Bh4 18. O-O Qe3+ 19. Rf2 Rd8 20. Qc1 Qxc1+ 21.
Rxc1 O-O 22. Nc3 Bf6 23. Rf3 e5 24. Nge4 Rd4 25. Nxf6+ gxf6 26. Rd1 Rfd8 27.
Rf2 e4 28. Re1 Ba6 29. g4 Re8 30. Re3 1/2-1/2

[Event "CAN-ch U20 U1800"]
[Site "Toronto CAN"]
[Date "2023.07.08"]
[Round "6.18"]
[White "Guliyev, Nadir"]
[Black "Huang, Ivan"]
[Result "1-0"]
[WhiteElo "1559"]
[BlackElo "1580"]
[PlyCount "85"]
[EventDate "2023.07.06"]
[EventType "swiss"]
[EventRounds "8"]
[EventCountry "CAN"]

1. d4 d5 2. c4 e6 3. Nc3 c6 4. cxd5 exd5 5. Bf4 Nf6 6. e3 Bf5 7. Be2 Bd6 8.
Bxd6 Qxd6 9. f4 Nbd7 10. Nf3 Ne4 11. O-O Ndf6 12. Ne5 h5 13. Nxe4 Bxe4 14. a3
h4 15. h3 Nd7 16. b4 a6 17. Qb3 Nxe5 18. fxe5 Qg6 19. Bf3 Bf5 20. Kh1 Bd3 21.
Rf2 Bc4 22. Qc3 f6 23. exf6 gxf6 24. Bg4 Ke7 25. e4 Kd8 26. Re1 Kc7 27. a4 Rae8
28. Bf5 Qg3 29. Rf3 Qd6 30. e5 fxe5 31. dxe5 Qe7 32. e6 Rhf8 33. Bg6 Rxf3 34.
Qxf3 Rf8 35. Qxf8 Qxf8 36. e7 Qf2 37. e8=Q Bf1 38. Qe7+ Kb8 39. Qd6+ Ka7 40.
Qc5+ Qxc5 41. bxc5 Bc4 42. a5 d4 43. Rd1 1-0

[Event "CAN-ch U20 U1800"]
[Site "Toronto CAN"]
[Date "2023.07.08"]
[Round "6.19"]
[White "Wu, Ting En Ryan"]
[Black "Pollitt, Henry"]
[Result "1-0"]
[WhiteElo "1535"]
[BlackElo "1392"]
[PlyCount "77"]
[EventDate "2023.07.06"]
[EventType "swiss"]
[EventRounds "8"]
[EventCountry "CAN"]

1. e4 e6 2. d4 d5 3. exd5 exd5 4. c3 Nf6 5. Bd3 Bd6 6. Bg5 h6 7. Bh4 c6 8. Nd2
Nbd7 9. Ngf3 O-O 10. O-O Qc7 11. Re1 Re8 12. Rxe8+ Nxe8 13. Qe2 Ndf6 14. Re1
Bd7 15. Ne5 c5 16. Ndf3 Bc6 17. Nxc6 Qxc6 18. Ne5 Qb6 19. dxc5 Qxc5 20. Nf3 Nd7
21. Bg3 Bxg3 22. hxg3 Nef6 23. Nd4 Re8 24. Qd1 Ne5 25. Bc2 Nc4 26. Rxe8+ Nxe8
27. b4 Qd6 28. Bb3 Nc7 29. Qe2 b5 30. Nxb5 Qe6 31. Bxc4 dxc4 32. Qxe6 Nxe6 33.
Nxa7 Nc7 34. b5 Nd5 35. Nc8 Nxc3 36. b6 Ne2+ 37. Kf1 Nd4 38. Na7 c3 39. b7 1-0

[Event "CAN-ch U20 U1800"]
[Site "Toronto CAN"]
[Date "2023.07.08"]
[Round "6.20"]
[White "Murali, Dhruv"]
[Black "Chen, Shuang"]
[Result "1/2-1/2"]
[WhiteElo "1614"]
[BlackElo "1640"]
[PlyCount "62"]
[EventDate "2023.07.06"]
[EventType "swiss"]
[EventRounds "8"]
[EventCountry "CAN"]

1. b3 Nc6 2. Bb2 Nf6 3. e3 e5 4. d4 exd4 5. exd4 d5 6. Nf3 a6 7. c4 Be7 8. Bd3
O-O 9. O-O Bg4 10. Nbd2 Re8 11. a3 Na7 12. Qc2 Rc8 13. c5 c6 14. h3 Bh5 15.
Rfe1 Nb5 16. a4 Nc7 17. Bc3 Ne6 18. Bf5 Bg6 19. Bxg6 hxg6 20. Ne5 Ng5 21. b4
Nfe4 22. Nxe4 Nxe4 23. Qd3 Bh4 24. g3 Bg5 25. f4 Bh6 26. Ng4 g5 27. f5 Qc7 28.
Kg2 Re7 29. Nxh6+ gxh6 30. g4 Rce8 31. Bd2 f6 1/2-1/2

[Event "CAN-ch U20 U1800"]
[Site "Toronto CAN"]
[Date "2023.07.08"]
[Round "6.21"]
[White "Guan, Isabelle"]
[Black "Bi, William"]
[Result "0-1"]
[WhiteElo "1479"]
[BlackElo "1526"]
[PlyCount "112"]
[EventDate "2023.07.06"]
[EventType "swiss"]
[EventRounds "8"]
[EventCountry "CAN"]

1. e4 e5 2. Nf3 Nc6 3. Bc4 Bc5 4. d3 h6 5. Nc3 Nf6 6. Be3 Bb6 7. Qd2 d6 8. h3
Be6 9. Bb3 d5 10. exd5 Nxd5 11. Nxd5 Bxd5 12. O-O-O O-O 13. Kb1 Bxb3 14. cxb3
Qf6 15. Qe2 Nd4 16. Qd2 Rad8 17. Qc3 Rfe8 18. Bxd4 exd4 19. Qc2 Re6 20. Rhe1
Rde8 21. Re4 Rxe4 22. dxe4 Qg6 23. Nxd4 Bxd4 24. Rxd4 Qxg2 25. e5 Qxh3 26. f4
Qf1+ 27. Qc1 Qxc1+ 28. Kxc1 Re6 29. Rd7 Kf8 30. Rxc7 Rc6+ 31. Rxc6 bxc6 32. Kd2
Ke7 33. Ke3 h5 34. f5 g6 35. fxg6 fxg6 36. Kf4 h4 37. Kg4 g5 38. b4 Ke6 39. a4
Kxe5 40. b3 Kd4 41. b5 cxb5 42. axb5 Kc5 43. b4+ Kxb5 44. Kh3 Kxb4 45. Kg4 a5
46. Kh3 a4 47. Kg4 a3 48. Kh3 a2 49. Kg4 a1=Q 50. Kxg5 Qe5+ 51. Kxh4 Qg7 52.
Kh5 Kc4 53. Kh4 Kd4 54. Kh3 Ke3 55. Kh4 Kf4 56. Kh3 Qg3# 0-1

[Event "CAN-ch U20 U1800"]
[Site "Toronto CAN"]
[Date "2023.07.09"]
[Round "7.12"]
[White "Tseng, Bradley"]
[Black "Lin, Austin"]
[Result "1-0"]
[WhiteElo "1712"]
[BlackElo "1401"]
[PlyCount "109"]
[EventDate "2023.07.06"]
[EventType "swiss"]
[EventRounds "8"]
[EventCountry "CAN"]

1. e4 c6 2. Nf3 d5 3. Nc3 dxe4 4. Nxe4 Nf6 5. Qe2 Nxe4 6. Qxe4 Nd7 7. Bc4 Nf6
8. Ne5 e6 9. Qe2 Bc5 10. c3 Bd7 11. d4 Bb6 12. Bg5 Bc8 13. Qf3 h6 14. Bh4 g5
15. Bg3 Qe7 16. Nxc6 g4 17. Nxe7 gxf3 18. Nxc8 Rxc8 19. Bb5+ Ke7 20. gxf3 Nh7
21. Bd3 f5 22. h4 Nf6 23. Kd2 Rhg8 24. Rae1 Kf7 25. Rhg1 Nd5 26. Be5 Bd8 27.
Rxg8 Kxg8 28. Rg1+ Kf8 29. Bb5 Bxh4 30. Bd7 Bxf2 31. Bxe6 Bxg1 32. Bxc8 f4 33.
Bxb7 Nb6 34. Bxf4 h5 35. Ke2 Nc4 36. b3 Na5 37. Bd5 Ke7 38. Kf1 Kf6 39. Kxg1
Kf5 40. Bc7 h4 41. Bxa5 Kf4 42. Kg2 a6 43. Kh3 Kg5 44. Bd8+ Kf4 45. Bxh4 Kf5
46. c4 a5 47. c5 a4 48. c6 axb3 49. axb3 Kf4 50. c7 Ke3 51. c8=Q Kd2 52. Bg5+
Ke2 53. Qc2+ Kf1 54. Bc4+ Kg1 55. Qg2# 1-0

[Event "CAN-ch U20 U1800"]
[Site "Toronto CAN"]
[Date "2023.07.09"]
[Round "7.13"]
[White "De Costa, Benjamin"]
[Black "Patil, Tanishq"]
[Result "1/2-1/2"]
[WhiteElo "1492"]
[BlackElo "1523"]
[PlyCount "85"]
[EventDate "2023.07.06"]
[EventType "swiss"]
[EventRounds "8"]
[EventCountry "CAN"]

1. d4 d5 2. c4 e6 3. Nf3 Nf6 4. Bg5 Be7 5. Nc3 O-O 6. e3 b6 7. cxd5 Nxd5 8.
Bxe7 Qxe7 9. Nxd5 exd5 10. Bd3 Bg4 11. O-O c5 12. dxc5 bxc5 13. h3 Be6 14. b3
Nd7 15. Rc1 Nf6 16. Qc2 Rac8 17. Ng5 h6 18. Nxe6 fxe6 19. Rfd1 Rfd8 20. e4 dxe4
21. Bxe4 Nxe4 22. Qxe4 Rxd1+ 23. Rxd1 Kf7 24. Rc1 Qd7 25. Qf4+ Kg8 26. Qc4 Qd5
27. b4 Qxc4 28. Rxc4 Kf7 29. Rxc5 Rxc5 30. bxc5 Ke7 31. Kf1 Kd7 32. Ke2 Kc6 33.
Kd3 Kxc5 34. Kc3 Kb5 35. Kb3 g5 36. g4 e5 37. f3 a5 38. a4+ Kc5 39. Kc3 Kd5 40.
Kd3 Kc5 41. Kc3 Kd5 42. Kd3 Kc5 43. Kc3 1/2-1/2

[Event "CAN-ch U20 U1800"]
[Site "Toronto CAN"]
[Date "2023.07.09"]
[Round "7.14"]
[White "Deepak, Laksshana"]
[Black "Ossine, Nicholas"]
[Result "1/2-1/2"]
[WhiteElo "1665"]
[BlackElo "1744"]
[PlyCount "115"]
[EventDate "2023.07.06"]
[EventType "swiss"]
[EventRounds "8"]
[EventCountry "CAN"]

1. e4 c6 2. Nc3 d5 3. Nf3 Bg4 4. h3 Bxf3 5. Qxf3 e6 6. d3 Nf6 7. a3 Nbd7 8. g3
Be7 9. Bg2 O-O 10. O-O Qb6 11. Qe2 a5 12. Rb1 d4 13. Na4 Qc7 14. c4 b5 15. e5
Qxe5 16. Qxe5 Nxe5 17. cxb5 cxb5 18. Bxa8 Rxa8 19. Nb6 Re8 20. Bf4 Nxd3 21. Bc7
Nc5 22. Rfd1 Nb3 23. a4 bxa4 24. Nxa4 Rc8 25. Rd3 Rxc7 26. Rxb3 Nd5 27. Rb8+
Bf8 28. Rd1 Rc4 29. b3 Rc2 30. Rxd4 g6 31. Nb6 Nxb6 32. Rxb6 Bc5 33. Rb8+ Kg7
34. Rf4 Bd6 35. Rb5 Bxf4 36. gxf4 Ra2 37. Kg2 Ra3 38. f3 a4 39. bxa4 Rxa4 40.
Kg3 Rd4 41. Re5 h6 42. h4 Rd5 43. Re4 Kf6 44. Rc4 Rd1 45. Re4 Rd5 46. Rc4 Kf5
47. Re4 f6 48. Rc4 g5 49. fxg5 fxg5 50. hxg5 hxg5 51. Rc8 Kf6 52. Rf8+ Kg7 53.
Rc8 e5 54. Kg4 Rd3 55. Rc6 Rb3 56. Re6 Rb5 57. Kxg5 e4+ 58. Kf4 1/2-1/2

[Event "CAN-ch U20 U1800"]
[Site "Toronto CAN"]
[Date "2023.07.09"]
[Round "7.16"]
[White "Chen, Vincent"]
[Black "Wu, Ting En Ryan"]
[Result "0-1"]
[WhiteElo "1571"]
[BlackElo "1535"]
[PlyCount "88"]
[EventDate "2023.07.06"]
[EventType "swiss"]
[EventRounds "8"]
[EventCountry "CAN"]

1. f4 d5 2. Nf3 Bf5 3. g3 Nf6 4. Bg2 e6 5. O-O h6 6. d3 c6 7. Qe1 Nbd7 8. h3
Bd6 9. Nbd2 Bh7 10. e4 dxe4 11. dxe4 Nb6 12. Kh1 Bc7 13. a4 a5 14. c4 Nfd7 15.
Qe3 Qe7 16. b4 axb4 17. a5 Nc8 18. Qd4 e5 19. Qb2 c5 20. Nb3 f6 21. f5 Nd6 22.
Qe2 Nf7 23. Be3 Nd8 24. Qf2 Bd6 25. Rfd1 Nc6 26. Rd2 Nd4 27. Bxd4 exd4 28. e5
fxe5 29. Nh4 Rb8 30. Re1 Nf6 31. a6 bxa6 32. Bc6+ Kf7 33. Nf3 Qc7 34. Qg2 e4
35. Nfxd4 cxd4 36. Nxd4 Be5 37. Bxe4 Bxd4 38. Rxd4 Rbd8 39. Bd5+ Rxd5 40. cxd5
Ne4 41. d6 Nxg3+ 42. Kh2 Qd7 43. Qd5+ Kf6 44. Kxg3 Re8 0-1

[Event "CAN-ch U20 U1800"]
[Site "Toronto CAN"]
[Date "2023.07.09"]
[Round "7.17"]
[White "Chunchu, Ashwin"]
[Black "Guliyev, Nadir"]
[Result "1-0"]
[WhiteElo "1381"]
[BlackElo "1559"]
[PlyCount "137"]
[EventDate "2023.07.06"]
[EventType "swiss"]
[EventRounds "8"]
[EventCountry "CAN"]

1. g3 c6 2. Nf3 d5 3. Bg2 Nf6 4. d3 Bf5 5. O-O e6 6. c4 Bd6 7. cxd5 cxd5 8. Qb3
Qd7 9. Nc3 Nc6 10. Re1 Bg4 11. Nb5 Bb8 12. e4 Bxf3 13. Bxf3 O-O 14. Bg5 a6 15.
Bxf6 axb5 16. Bc3 d4 17. Bd2 Rd8 18. Bg2 Ne5 19. h3 Ng6 20. f4 e5 21. f5 Ne7
22. Bg5 Re8 23. f6 Nc8 24. fxg7 Kxg7 25. Rf1 Re6 26. Bf3 Rb6 27. Bh5 Nd6 28.
Bf6+ Kg8 29. Bxe5 Qe6 30. Bxd4 Qxb3 31. axb3 Rxa1 32. Bxb6 Rxf1+ 33. Kxf1 Nc8
34. Bf2 Na7 35. Bg4 b4 36. d4 Nc6 37. Kg2 Kf8 38. Bd7 Na5 39. Ba4 b5 40. Bxb5
Nxb3 41. e5 f6 42. e6 Ke7 43. d5 Bd6 44. Bd3 h6 45. Be3 Na5 46. Bxh6 Be5 47.
Bd2 Bd6 48. h4 Nb3 49. Bf4 Bxf4 50. gxf4 Nc5 51. Bc4 Na4 52. b3 Nb6 53. Bb5
Nxd5 54. Kf3 f5 55. Bd3 Kf6 56. Bc4 Ne7 57. h5 Kg7 58. Ke3 Nc6 59. Bd5 Ne7 60.
Kd4 Kf6 61. Kc5 Kg7 62. Kd6 Kf6 63. h6 Nc8+ 64. Kd7 Nb6+ 65. Kc6 Ke7 66. Kxb6
Kf6 67. h7 Ke7 68. h8=Q Kd6 69. Qd8# 1-0

[Event "CAN-ch U20 U1800"]
[Site "Toronto CAN"]
[Date "2023.07.09"]
[Round "7.18"]
[White "Xie, Irene"]
[Black "Fu, Odyssey"]
[Result "1/2-1/2"]
[WhiteElo "1782"]
[BlackElo "1395"]
[PlyCount "119"]
[EventDate "2023.07.06"]
[EventType "swiss"]
[EventRounds "8"]
[EventCountry "CAN"]

1. e4 c5 2. Nf3 d6 3. Bb5+ Bd7 4. Bxd7+ Nxd7 5. O-O g6 6. c4 Bg7 7. Qc2 Ngf6 8.
Nc3 O-O 9. b3 Nb6 10. Bb2 e6 11. d3 d5 12. h3 d4 13. Ne2 a5 14. a4 Qc7 15. Bc1
Nfd7 16. Nh2 Nb8 17. f4 f5 18. e5 Na6 19. Bd2 Nd7 20. Nf3 Ndb8 21. Nc1 Nc6 22.
Na2 h6 23. h4 b6 24. Rae1 Qe7 25. g3 Kh7 26. Kf2 Ra7 27. Rh1 Qe8 28. Qd1 Rh8
29. Qe2 Kg8 30. Qf1 h5 31. Qe2 Qd7 32. Rb1 Bf8 33. Ne1 Be7 34. Nf3 Kf7 35. Ke1
Bd8 36. Qg2 Ke8 37. Kd1 Be7 38. Re1 Nd8 39. Nc1 Nf7 40. Ne2 Nh6 41. Nh2 Nb4 42.
Nc1 Kf7 43. Rg1 Ng4 44. Nxg4 hxg4 45. Be1 Bd8 46. Rb2 Kg7 47. Re2 Qb7 48. Qxb7+
Rxb7 49. Rgg2 Kh6 50. Rb2 Kh5 51. Rh2 Be7 52. Ke2 Rd8 53. Na2 Ra7 54. Nxb4 cxb4
55. Kd1 Bc5 56. Rbc2 Rdd7 57. Bf2 Rh7 58. Be1 Ra8 59. Ke2 Rah8 60. Kf1 1/2-1/2

[Event "CAN-ch U20 U1800"]
[Site "Toronto CAN"]
[Date "2023.07.09"]
[Round "7.19"]
[White "Bi, William"]
[Black "Murali, Dhruv"]
[Result "0-1"]
[WhiteElo "1526"]
[BlackElo "1614"]
[PlyCount "46"]
[EventDate "2023.07.06"]
[EventType "swiss"]
[EventRounds "8"]
[EventCountry "CAN"]

1. e4 g6 2. d4 Bg7 3. Nf3 d6 4. Nc3 Nc6 5. h3 e5 6. Bb5 Bd7 7. Bg5 f6 8. Be3
exd4 9. Nxd4 Nxd4 10. Bxd7+ Qxd7 11. Bxd4 Ne7 12. O-O Nc6 13. Be3 O-O-O 14. a3
f5 15. exf5 gxf5 16. Rb1 Rhg8 17. Qf3 Be5 18. Nd5 Rdf8 19. b4 f4 20. Bd2 Nd4
21. Qe4 f3 22. g3 Qxh3 23. Nf4 Rxf4 0-1

[Event "CAN-ch U20 U1800"]
[Site "Toronto CAN"]
[Date "2023.07.09"]
[Round "7.20"]
[White "Tang, Gideon"]
[Black "Chen, Shuang"]
[Result "0-1"]
[WhiteElo "1677"]
[BlackElo "1640"]
[PlyCount "92"]
[EventDate "2023.07.06"]
[EventType "swiss"]
[EventRounds "8"]
[EventCountry "CAN"]

1. e4 c5 2. Nc3 Nc6 3. f4 g6 4. Nf3 Bg7 5. Bb5 Nf6 6. O-O O-O 7. d3 d6 8. Bd2
Bd7 9. Bxc6 Bxc6 10. Qe1 e6 11. Nd1 d5 12. e5 Nd7 13. d4 Re8 14. Be3 b6 15. c3
a5 16. Kh1 a4 17. a3 Bb5 18. Rg1 Rc8 19. g4 f5 20. gxf5 exf5 21. Nf2 Nf8 22.
Rd1 Ne6 23. Ng5 Nxg5 24. Rxg5 Bh6 25. Rg3 cxd4 26. Rxd4 Rc4 27. Qd2 Qc7 28. Kg1
Rxd4 29. Bxd4 Qc4 30. Nd3 Qa2 31. Nc1 Qc4 32. Nd3 Qa2 33. Nc1 Qc4 34. Rf3 Re6
35. Qe3 g5 36. fxg5 Bxg5 37. Qe1 Bxc1 38. Qxc1 Rg6+ 39. Rg3 Qe2 40. Be3 Qf3 41.
Qe1 f4 42. Rxg6+ hxg6 43. Bxb6 Qg4+ 44. Kh1 d4 45. Qe4 Qd1+ 46. Kg2 Qf1# 0-1

[Event "CAN-ch U20 U1800"]
[Site "Toronto CAN"]
[Date "2023.07.09"]
[Round "7.21"]
[White "Pollitt, Henry"]
[Black "Guan, Isabelle"]
[Result "1-0"]
[WhiteElo "1392"]
[BlackElo "1479"]
[PlyCount "63"]
[EventDate "2023.07.06"]
[EventType "swiss"]
[EventRounds "8"]
[EventCountry "CAN"]

1. e4 e5 2. Nf3 Nc6 3. Bc4 Bc5 4. c3 Bb6 5. d4 exd4 6. cxd4 h6 7. d5 Na5 8. Bd3
Qe7 9. O-O d6 10. b4 Qf6 11. e5 dxe5 12. Bb2 Bd4 13. Nxd4 exd4 14. bxa5 Bd7 15.
Re1+ Ne7 16. Ba3 Be6 17. dxe6 fxe6 18. Bxe7 Kxe7 19. Bc4 Kd7 20. Rxe6 Qf4 21.
g3 Qg5 22. Qxd4+ Kc8 23. Qe3 Qd8 24. Nc3 c6 25. Re7 a6 26. Rb1 Ra7 27. Qxa7
Qxe7 28. Qa8+ Kc7 29. Qxb7+ Kd8 30. Rd1+ Ke8 31. Qc8+ Qd8 32. Qxd8# 1-0

[Event "CAN-ch U20 U1800"]
[Site "Toronto CAN"]
[Date "2023.07.09"]
[Round "8.12"]
[White "Ossine, Nicholas"]
[Black "Tseng, Bradley"]
[Result "1/2-1/2"]
[WhiteElo "1744"]
[BlackElo "1712"]
[PlyCount "41"]
[EventDate "2023.07.06"]
[EventType "swiss"]
[EventRounds "8"]
[EventCountry "CAN"]

1. d4 Nf6 2. c4 g6 3. Nc3 d5 4. cxd5 Nxd5 5. Na4 Nb4 6. Bd2 N8c6 7. a3 Nd5 8.
e3 Bg7 9. Bb5 Bd7 10. Nc5 a6 11. Bc4 Nb6 12. Ba2 Bc8 13. Nf3 O-O 14. Bc3 e6 15.
Qb3 Rb8 16. O-O Nd7 17. Rfd1 b6 18. Nd3 Nf6 19. Rac1 Bb7 20. Qc2 a5 21. Nde5
1/2-1/2